[Event "Corus-B"]
[Site "Wijk aan Zee"]
[Date "2005.01.28"]
[Round "11"]
[White "Nielsen, Peter Heine"]
[Black "Stellwagen, Daniel"]
[Result "1-0"]
[WhiteElo "2648"]
[BlackElo "2524"]
[Annotator "Stohl,I"]
[PlyCount "131"]
[EventDate "2005.01.15"]
[EventType "tourn"]
[EventRounds "13"]
[EventCountry "NED"]
[EventCategory "13"]
[SourceTitle "CBM 105"]
[Source "ChessBase"]
[SourceDate "2005.04.11"]
[SourceVersion "1"]
[SourceVersionDate "2005.04.11"]
[SourceQuality "1"]

1. Nf3 Nf6 2. c4 g6 3. g3 Bg7 4. Bg2 O-O 5. d4 d6 6. O-O Nbd7 7. Nc3 e5 8. e4
a6 9. h3 b5 10. Qc2 $5 c6 (10... Bb7 11. dxe5 dxe5 12. Rd1 Qb8 13. Nd5 $5 c6 (
13... c5 $5 $14) 14. Nxf6+ Nxf6 15. Be3 Re8 16. a4 Bf8 17. Nd2 Rd8 (17... bxa4
18. c5 $16) 18. Nb3 Be7 19. Bb6 Rxd1+ 20. Rxd1 Qe8 21. Nc5 Bc8 22. Qc3 Nd7 23.
Nxd7 Bxd7 24. axb5 axb5 25. cxb5 cxb5 26. Qxe5 $16 {Zugic,I-Borriss,M/Havana/
2004/}) (10... bxc4 11. dxe5 dxe5 12. Be3 $44) (10... Rb8 11. Rd1 Qe7 12. Nd5
$1 Nxd5 13. cxd5 Nf6 14. Be3 Ne8 15. Rac1 f6 16. Nd2 f5 17. dxe5 Qxe5 18. b4
$16 {Stohl,I-Weiss,C/EU-chT Batumi/1999/}) 11. Rd1 (11. c5 Ne8 $142 $5 (11...
dxc5 12. dxe5 Ne8 13. Bg5 f6 14. exf6 Bxf6 15. Bxf6 Qxf6 16. Rfe1 $16 Ne5 $6
17. Nxe5 Qxe5 18. f4 Qc7 19. e5 Be6 20. Rad1 c4 21. Qf2 Bf5 22. Nd5 $1 Qf7 23.
Nb4 $18 {Konopka,M-Stehno,P/Litomysl/2003/}) (11... b4 12. Na4 d5 13. exd5 Nxd5
14. Rd1 $5 Qe7 (14... e4 $5 15. Qxe4 Re8 $44 {[%csl Ra4] פa4/+/=}) 15. Re1 Re8
16. dxe5 Nxe5 17. Nxe5 Bxe5 18. Bf4 (18. Nb6 $5) 18... Bf5 19. Qb3 Qf6 20. Bxe5
Rxe5 21. Nb6 Nxb6 22. cxb6 $36 {Suba,M-Lanc,A/Bucharest/1979/} Rb5) 12. Bg5 f6
13. Be3 dxc5 14. dxc5 Qe7 15. a4 Rb8 16. axb5 axb5 17. Ra7 Rb7 18. Rfa1 Nc7 19.
Rxb7 Bxb7 20. Ra7 Rb8 21. b4 Nf8 22. Nd2 Bc8 23. Qa2+ Kh8 24. Qa5 Rb7 $14 {
/=,Hoang Thanh Trang-Sasikiran,K/Calcutta/2001/ Black's position is passive,
but solid.}) 11... Qe7 (11... Qc7 12. c5 $1 dxc5 13. dxe5 Ne8 14. Bf4 $44 {|^})
(11... exd4 12. Nxd4 Bb7 13. cxb5 cxb5 14. Bf4 Rc8 (14... b4 15. Nd5 $36) 15.
Bxd6 Re8 16. Qd3 Nb6 17. e5 Bxg2 18. Kxg2 Nc4 19. exf6 Nxb2 20. Qf3 Nxd1 21.
Rxd1 Qxd6 22. fxg7 $16 {Tetenkina,I-Aagaard,J/Stockholm/2003/}) 12. c5 $5 {
This time Nielsen opts for a sharper continuation.} (12. Be3 exd4 13. Nxd4 Bb7
14. cxb5 axb5 15. a3 Rfe8 16. Re1 Ne5 17. f4 Ned7 18. Bf2 Qf8 19. Rad1 h5 20.
Nf3 Rad8 21. b4 $14 {(),Nielsen,P-Hillarp Persson,T/Malmo/2003/}) 12... dxc5
13. dxe5 Ne8 14. Bg5 (14. Bf4 $5 Nxe5 15. Bxe5 Bxe5 16. Nxe5 Qxe5 17. f4 Qh5
18. e5 Rb8 19. Qf2 (19. Ne4 $5 $36) 19... Bxh3 20. Bxc6 Bg4 21. Rd2 Rc8 22. Bb7
Rb8 23. Bg2 Rc8 24. Nd5 Kg7 25. Rc1 $14 {Moehring,G-Casper,T/Leipzig/1984/})
14... f6 $6 $146 (14... Qe6 $142 $1 15. Be3 Qe7 16. a4 (16. Ne2 c4 17. Bg5 f6
$1 $13 {<=>}) 16... Bb7 (16... Nc7 17. Qd2 Nxe5 18. Nxe5 Bxe5 19. f4 Bd4 20.
Bxd4 cxd4 21. Qxd4 Ne6 22. Qf2 (22. Qe3 $5 $36) 22... b4 23. Ne2 Nc5 24. Nd4
Nxe4 25. Nxc6 $6 (25. Qe3 $16) 25... Qe6 26. Qe3 Qxc6 27. Qxe4 Qxe4 28. Bxe4
Ra7 $132 {Schandorff,L-Lie,K/Aarhus/2003/}) 17. axb5 axb5 18. Rxa8 Bxa8 19. Qd2
Nxe5 20. Nxe5 Bxe5 21. f4 Bd4 22. Bxd4 cxd4 23. Qxd4 Ng7 {Kuljasevic,D-Stevic,
H/Zadar/2003/} 24. Qd6 $5 $14) 15. exf6 Bxf6 16. Be3 $5 {The more pieces on
the board, the more problems Black has.} (16. Bxf6 Nexf6 $5 $14 (16... Qxf6 17.
Re1 $16 {-see Konopka-Stehno.})) 16... Bg7 17. e5 $1 $36 Nxe5 (17... Nc7 18.
Ne4 $16) (17... c4 18. Bg5 $36) 18. Nxe5 Qxe5 19. Bxc6 Bf5 $8 (19... Rb8 $2 20.
Bd5+ $18) 20. Qb3+ c4 21. Qa3 Rc8 $6 (21... Nf6 $142 $5 $16) 22. Bf4 $2 (22.
Qxa6 $2 Rf6 $17) ({However, definitely cleaner was} 22. Bd4 $1 Qd6 (22... Qxd4
23. Bd5+ $1 $18) (22... Rxc6 23. Bxe5 Bxe5 24. Nd5 $18) 23. Qxd6 Nxd6 24. Bxg7
Rxc6 25. Bxf8 $16 {/+- and although Black has some slight <=>, the _|_ should
be technically lost for him.}) 22... Qf6 23. Nd5 ({Nielsen decides to avoid
any possible risk, which might be connected with} 23. Bb7 g5 $5 $132) 23...
Qxb2 24. Ne7+ Kh8 (24... Kf7 $2 25. Bd5+ Be6 26. Bxe6+ Kxe6 27. Qe3+ $18) 25.
Qxb2 Bxb2 26. Nxc8 Bxa1 27. Rxa1 Bxc8 28. a4 $5 (28. Re1 $44) 28... bxa4 $6 {
One can understand Stellwagen is anxious about losing both his P, but now his
whole << will gradually drop anyway.} ({A better fighting chance was} 28... b4
$5 $132 {/\} 29. Re1 (29. Be5+ Ng7 30. Bd6 $6 Rf6) 29... Ng7 30. Re7 (30. Re4
Be6 $1 {/\} (30... Bxh3 31. Rxc4 Rc8 $11) 31. Bd6 $6 Rf7 32. Bxb4 Rc7 $17 {
[%csl Rc6] ץc6}) 30... Rxf4 31. gxf4 b3 $44) (28... Bxh3 $2 29. Be5+ Nf6 30.
axb5 axb5 31. Ra8 $1 Kg7 32. Rxf8 Kxf8 33. Bxf6 b4 34. Bd5 c3 35. Bb3 $18) 29.
Be5+ Ng7 30. Rxa4 h5 (30... Bxh3 31. Rxa6 Be6 32. Ra7 Bf7 33. Bd6 Kg8 $8 34.
Bxf8 $16) 31. h4 $1 {White already has higher ambitions, than} (31. Rxc4 Bxh3
$14) 31... Kh7 32. Rxc4 Rf7 33. Rd4 $16 {[%csl Ra6,Gc6,Ge5] /+- Black has only
partially consolidated his position. The powerful ^^ (especially the unopposed
Be5) rules the board and White can gradually increase his pressure. Nielsen
nicely converts his _|_ advantage.} Bb7 34. Ba4 Bf3 35. Rd3 Re7 36. Bc3 Bb7 37.
f4 Be4 38. Rd8 Rb7 39. Be5 Rb4 40. Bd1 Rb7 41. Be2 Re7 (41... a5 42. Bc4 $1 {
[%cal Rc4g8] ->,/\Bg8} Bf5 43. Bg8+ Kh6 44. Bd5 Ne6 45. Re8 $18) 42. Bxa6 (42.
Bc4 $5 {was also possible, as Black can't save the Pa6 anyway:} Bb7 43. Bg8+
Kh8 (43... Kh6 44. Bf6 $18) 44. Rb8 $1 $18) 42... Bf5 43. Bb5 Be6 44. Kf2 Rb7
45. Bc6 Ra7 46. Rb8 Re7 47. Ke3 Ra7 48. Kd4 Rf7 49. Kc5 Re7 50. Be4 Ra7 51. Kd6
Rd7+ 52. Kc6 Ra7 53. Kc5 Rd7 54. Ra8 Re7 (54... Bf5 55. Bd5 Be6 56. Bc6 $18)
55. Bc6 Bf7 56. Kb6 Be8 57. Bd5 Bf7 58. Bxf7 {Time has come to exchange one of
the B, White works with zugzwang motifs.} Rxf7 59. Kc6 Re7 $8 (59... Rf5 60.
Ra7 $18) 60. Rf8 Ra7 $6 (60... Re6+ $1 61. Kd5 (61. Kd7 Ra6 62. Bf6 Ra4 {
is the same.}) 61... Re7 62. Kd6 Re6+ 63. Kd7 Ra6 64. Bf6 Ra4 $5 {was more
resilient.} (64... Ra7+ 65. Kc6 $22)) 61. Bf6 $22 $18 Rc7+ $8 (61... Ra6+ 62.
Kb7 Rxf6 63. Rxf6 Nf5 64. Rxf5 gxf5 65. Kc6 $18) 62. Kxc7 $1 Ne6+ 63. Kd6 Nxf8
64. Ke7 Kg8 65. Bg5 Nh7 (65... Kg7 66. Bh6+ Kxh6 67. Kxf8 Kh7 68. Kf7 Kh6 69.
Kg8 $18) 66. Bh6 $1 {(.) The final zugzwang.} 1-0

[Event "Gibraltar Masters"]
[Site "Caleta"]
[Date "2005.01.27"]
[Round "3"]
[White "Avrukh, Boris"]
[Black "Kotronias, Vasilios"]
[Result "1-0"]
[WhiteElo "2629"]
[BlackElo "2585"]
[Annotator "Avrukh,B"]
[PlyCount "75"]
[EventDate "2005.01.25"]
[EventType "swiss"]
[EventRounds "10"]
[EventCountry "GGB"]
[SourceTitle "CBM 104 Extra"]
[Source "ChessBase"]
[SourceDate "2005.03.01"]
[SourceVersion "1"]
[SourceVersionDate "2005.03.01"]
[SourceQuality "1"]

1. d4 Nf6 2. c4 g6 3. Nf3 Bg7 4. g3 O-O 5. Bg2 d6 6. Nc3 Nbd7 7. O-O e5 8. e4
c6 9. Be3 {Recently not that popular continuation, but I wasn't ready to have
a discussion on his favourite 9 h3 Qb6 line.} Ng4 {The critical answer.} 10.
Bg5 Qb6 11. h3 exd4 12. Na4 Qa6 13. hxg4 b5 14. c5 $1 {The latest discovery.} (
{Other moves don't create any problems for Black.} 14. Nxd4 bxa4 15. Nxc6 Qxc6
16. e5 Qxc4 17. Bxa8 Nxe5 18. Qxd6 Be6 $44) ({or} 14. Be7 Re8 15. Bxd6 bxa4 16.
e5 c5 {Jussupow-Kasparov 1992.}) 14... bxa4 ({The alternative is} 14... dxc5
15. Nxc5 Nxc5 16. Be7 Ne6 17. Bxf8 Kxf8 {with reasonable compensation for the
exchange.}) 15. cxd6 c5 16. Be7 Re8 17. Qc1 $5 $146 {[%cal Gc1f4] A new and
quite interesting idea, which I discovered during the game.} ({Here White has
tried only} 17. e5 Rb8 (17... Bb7 $142 18. Re1 Rab8 19. e6 $140 fxe6 20. Rxe6
Bd5 $1) 18. Re1 Rxb2 (18... Bb7 {-17...Bb7}) 19. Ng5 Qc4 20. e6 fxe6 21. Qf3
$40 {1-0 Prokopchuk,E-Guliev,L/Koszalin 2001/EXT 2002 (26)}) (17. Re1 Bb7 18.
Rc1 Bf8 19. Bxf8 Kxf8 20. Rxc5 Nxc5 21. Qxd4 Kg8 22. Qxc5 Rad8 23. e5 Bxf3 24.
Bxf3 Rxd6 $11) 17... Bb7 18. Qf4 $2 ({It was neccessary to play first} 18. Re1
{followed by 19 Qf4.}) 18... Rxe7 $6 ({We both overlooked the following idea:} 
18... Bf8 $1 {our "silicon friend "finds it within a few seconds.} 19. Bxf8 {
In my opinion the only move to get a playable position.} (19. Ne5 Nxe5 20. Qxe5
Bxe7 21. dxe7 Rac8 $1 $17 {[%csl Ge7]}) (19. Ng5 f6 $3 {The point of Black's
idea} 20. Bxf6 Bxd6 21. e5 Bxg2 22. Kxg2 Bxe5 23. Bxe5 Nxe5 24. Rae1 Qb7+ 25.
f3 (25. Kg1 Nd3 $17) 25... Nd3 $17) 19... Rxe4 20. Qh6 Nxf8 21. Nd2 Re6 22.
Bxb7 Qxb7 23. Nc4 Rae8 $15 {and though White has some chances due to his
passed pawn Black is clearly better.}) 19. dxe7 Re8 20. Rac1 Rxe7 $44 {A very
unbalanced position has been arisen after the exchange sacrifice. I was very
optimistic during the game, but later on after I've checked this game deeply,
my evaluation has been changed. Actually Black has a very good compensation
due to his pair of bishops and passed d-pawn and it's White, who has to be
careful in order not to get worse.} 21. Nd2 {The only reasonable idea to
regroup my pieces.} (21. Rfe1 d3 {[%csl Gb2] didn't appeal to me .}) 21... Bc6
$1 {A very important idea. Now the light-squared bishop switches to the f1-a6
diagonal.} (21... Be5 22. Qh6) 22. Rfe1 ({Of course} 22. Nc4 $2 Bb5 23. b3 Ne5
$1 $17 {would be clearly in Black's favour.}) 22... Be5 23. Qh6 (23. Qf3 Bb5
24. Qa3 Bd6 $1 {[%cal Gc5c4] and Black is better.}) 23... d3 24. Nc4 Bd4 25. e5
$1 (25. Qd2 Ne5 26. Nxe5 Rxe5 {[%cal Gc5c4] following by 27...c4 looks very
unpleasant for White.}) 25... Bxg2 (25... Bb5 $143 26. Bd5 $1 Nxe5 27. Nxe5
Bxe5 28. Rxc5 Bg7 29. Qd2 $16) 26. Kxg2 Bxb2 $3 {A brilliant tactical blow. It
goes without saying that I completely overlooked this idea.} ({I was expecting
something like} 26... Qc6+ 27. f3 (27. Kh3 Nxe5) 27... Nxe5 28. Qf4 $1 (28. Re4
$2 Nxf3 $1 $19 {[%csl Gc6,Gg2]}) (28. Nxe5 Bxe5 29. Qe3 Qb5 30. Qxc5 Qxb2+ 31.
Qf2 a3 $17) 28... f6 29. b3 axb3 30. axb3 $13 {with double-edged position.})
27. Nxb2 $2 {This natural reply appears to be a serious mistake.} ({Stronger
was} 27. Rh1 $142 $1 f6 28. Nxb2 Qb7+ 29. Kh3 (29. Kg1 Nxe5 $1) 29... Qxb2 (
29... Nxe5 30. Nxa4 Nf7 31. Qf4 Ng5+ 32. Kh2 Nf3+ 33. Kh3 $11) 30. exf6 Qxf6 (
30... Nxf6 31. Rxc5) 31. Rhe1 {and in my opinion White should be able to
survive due to the exposed position of Black's K.} (31. Qf4 Qxf4 32. gxf4 Re4
33. Kg3 Rd4 34. Kf3 d2 35. Rcd1 Nb6 $17)) 27... Qb7+ 28. Kg1 Qxb2 29. Rb1 (29.
Red1 Nxe5) (29. e6 Rxe6 30. Rxe6 fxe6 31. Qe3 e5 $1 $19) 29... Qc3 $2 (29...
Qd4 $6 30. Rb7 c4 31. Rc7 Re8 32. Qf4 Qxf4 (32... Qd5 33. Qxc4 Qxc4 34. Rxc4
Nxe5 35. Re3 d2 36. Rd4 Nf3+ 37. Rxf3 Re1+ 38. Kg2 d1=Q 39. Rxd1 Rxd1 40. Rf4
$11) 33. gxf4 Nb6 34. Kf1 Rd8 35. f5 $36 (35. g5 Kf8 36. Rb1)) (29... Qxa2 $142
$1 30. Rb7 Qd5 $1 31. Rc7 {[%cal Gc7c8]} (31. Rxa7 Rxe5 32. Rd1 Re2 $19) 31...
Re8 {and I didn't manage to find a reasonable defence for White:} 32. e6 fxe6
33. Qe3 (33. Qf4 Rf8 34. Qe3 (34. Qxa4 Ne5 35. Qxa7 Nf3+ 36. Kf1 Qd4) 34... a3
35. Rxa7 Ne5) (33. Rxa7 c4) (33. Qd2 Qd4 $1) (33. Rd1 Rf8) 33... c4 (33... a6
34. Rd1 c4 35. Qf4 $132) 34. Qf4 a3 35. Qxc4 Ne5 (35... Qxc4 36. Rxc4 Rb8 37.
Ra4) 36. Qxd5 exd5 37. Rd1 d2 {wins}) 30. e6 $1 {A very good practical
decision, now the black N cannot get into the play via the e5-square.} fxe6 31.
Qe3 Qa3 $2 {Completely losing the thread} (31... e5 $1 {was essential} 32. Qe4
(32. Rb7 e4) 32... Rf7 (32... Nb6 33. Rbc1 Qd4 34. Qxd4 cxd4 35. Rcd1 e4 36. f3
$1) 33. Qxa4 Qd4 34. Qxd4 exd4 35. Rec1 (35. Re8+ $143 Kg7 36. Rc8 Kf6 {
[%cal Gf6e6,Ge6d5]}) 35... g5 36. Kf1 {and it looks like White should be able
to hold this position.}) 32. Rb7 e5 $2 (32... c4 $142 33. Qd4 $16) 33. Qe4 $1 {
[%cal Ge4d5]} Qc3 $6 (33... Qxa2 $142 34. Qxd3 Rf7 35. Rf1 Qe6 36. Rd1 $16) 34.
Qd5+ $18 {Now it's over .} Rf7 35. Rf1 Kf8 36. Rxd7 Rxd7 37. Qxd7 Qc2 38. Qd6+
1-0

[Event "RUS-chT 12th"]
[Site "Sochi"]
[Date "2005.04.22"]
[Round "4"]
[White "Belov, Vladimir"]
[Black "Khismatullin, Denis Rimovich"]
[Result "0-1"]
[WhiteElo "2617"]
[BlackElo "2572"]
[Annotator "Stohl,I"]
[PlyCount "120"]
[EventDate "2005.04.19"]
[EventType "team-tourn"]
[EventRounds "11"]
[EventCountry "RUS"]
[SourceTitle "EXT 2020"]
[Source "ChessBase"]
[SourceDate "2019.10.17"]
[SourceVersion "1"]
[SourceVersionDate "2019.10.17"]
[SourceQuality "1"]
[WhiteTeam "Samara Termosteps"]
[BlackTeam "Samara Yunilain"]
[WhiteTeamCountry "RUS"]
[BlackTeamCountry "RUS"]

1. d4 Nf6 2. c4 g6 3. Nf3 Bg7 4. g3 O-O 5. Bg2 d6 6. O-O Nbd7 7. Nc3 e5 8. e4
a6 9. d5 {The release of the [+] tension shouldn't threaten Black's set-up.} ({
One of White's more ambitious tries is} 9. h3 b5 10. Qc2 $5 c6 11. Rd1 Qe7 12.
c5 dxc5 13. dxe5 Ne8 14. Bg5 f6 (14... Qe6 $142 $1 $132) 15. exf6 Bxf6 16. Be3
Bg7 17. e5 $1 Nxe5 18. Nxe5 Qxe5 19. Bxc6 Bf5 20. Qb3+ c4 21. Qa3 $16 {Nielsen,
P-Stellwagen,D/Wijk aan Zee-B/2005/}) 9... b5 {This is Black's most popular
reaction.} ({The unusual} 9... a5 $5 {probably deserves more practical tests:}
10. Ne1 Nc5 11. Nd3 Nfd7 12. Be3 f5 13. Nxc5 Nxc5 14. exf5 gxf5 $13 15. Bxc5
dxc5 16. d6 $6 Qxd6 17. Qxd6 cxd6 18. Nb5 e4 19. Rfd1 Bxb2 20. Rab1 Be5 21.
Nxd6 Be6 $17 {Horvath,C-Vogt,L/Halle/1987/}) (9... Ne8 {also seems OK,
possibly White's best is} 10. Qc2 (10. b4 a5 11. Ba3 f5 12. Re1 Qf6 13. bxa5
Rxa5 14. Bb4 Ra6 15. a4 f4 16. Nd2 fxg3 17. fxg3 Qf2+ 18. Kh1 Ndf6 19. Qe2 Ng4
20. Qxf2 Nxf2+ 21. Kg1 Nd3 22. Reb1 Bh6 $36 {Matthiesen,A-Arizmendi Martinez,J/
EUCup Izmir/2004/}) (10. Bd2 c5 11. a4 a5 $1 12. h4 Ndf6 13. Ne1 Nh5 14. Qe2
Nef6 15. Nc2 Ng4 16. Ne3 Bh6 $1 17. Nxg4 Bxd2 18. Qxd2 Bxg4 19. Nb5 Qe7 20. Ra3
Bd7 21. Rb3 b6 22. Qh6 Bxb5 23. Rxb5 Rab8 24. Bh3 Ng7 25. Re1 f5 $11 {Huebner,
R-Gallagher,J/Mitropa Baden/1999/}) 10... c5 11. a4 Qe7 $6 (11... a5 $142 $5)
12. a5 Nc7 13. Nh4 Rb8 14. Bd2 Bf6 15. Nf3 Bg7 16. Ne1 f5 17. Nd3 Ne8 18. Rae1
Qd8 19. Qa4 Nef6 20. f4 $36 {Hulak,K-Movsesian,S/CRO-chT Pula/1999/}) 10. cxb5
(10. b4 $5 Nb6 (10... bxc4 $5 11. Qe2 Nb6 12. Nd2 c6 $132 {~~}) 11. Nd2 a5 12.
a4 bxa4 $2 (12... axb4 13. Nxb5 $14) 13. b5 Nfd7 14. Nxa4 f5 15. Ba3 Rf6 16.
Nb2 Bh6 17. Re1 Bb7 18. Nb3 a4 19. Nc1 Rf7 20. Ncd3 fxe4 21. Bxe4 Qg5 22. Bg2
Raf8 23. Re2 Bc8 24. Qc2 Nf6 25. Rae1 Qh5 26. c5 $16 {Hulak,K-Sasikiran,K/
Jakarta/2001/}) (10. Nd2 Nb6 $1 $13 {only transposes into the main line after}
11. cxb5 axb5 12. b4) 10... axb5 11. b4 Nb6 12. Re1 (12. Nd2 Bd7 13. Qe2 Qe8
14. Rd1 c6 15. dxc6 Bxc6 16. Nf1 Na4 17. Bd2 Nxc3 18. Bxc3 Qe6 19. a3 Rfd8 20.
Bb2 Qe7 21. Ne3 Qb7 22. Nd5 Nxd5 23. exd5 Bd7 24. Rac1 Rac8 $11 {/=/+,1/2,
Kastanieda,G-Belov,V/Moscow/1998/}) (12. Bg5 Bd7 13. Qe2 Qe8 $5 14. Nd2 h5 15.
Bxf6 (15. Rfc1 $142 $1 Nh7 16. Be3 $14) 15... Bxf6 16. h4 Bg7 17. Rfc1 Bh6 18.
Rc2 f5 19. exf5 gxf5 20. Bf3 e4 21. Bxh5 Qe5 $44 {Semkov,S-Volke,K/Albena/1987/
}) 12... Bd7 13. Bf1 (13. Bg5 h6 (13... Qe8 $5 {in analogy with the game
Semkov-Volke could be better.}) 14. Bxf6 Qxf6 15. Nd2 Qg5 16. Nb3 f5 17. Na5 h5
18. Qd3 f4 19. Nxb5 f3 20. Bh1 Bxb5 21. Qxb5 Bh6 22. Re3 Qg4 23. Rae1 $1 Bxe3
24. Rxe3 Rf7 25. Qd3 Raf8 26. Nb3 Qd7 27. a3 Qa4 28. Na5 Nd7 29. Bxf3 $14 {
Bratchenko,A-Solovjov,S/St Petersburg/2003/}) 13... Na4 $1 $146 {[%mdl 8]} (
13... Rb8 14. Bg5 Qe8 15. Nd2 h5 16. Qc2 Nh7 17. Be3 Nc8 18. Rac1 f5 19. exf5
gxf5 20. f4 Nf6 21. fxe5 dxe5 22. Bc5 $36 {Lesiege,A-Terreaux,G/Cannes/1992/})
(13... Qe8 $5 14. Qe2 (14. Qd3 $142) 14... Na4 $1 15. Nxb5 Rb8 16. Nxc7 $2 (16.
Na3 Rxb4 $15) 16... Qc8 17. Qc4 (17. Na6 Rb5 18. Qxb5 Bxb5 19. Bxb5 Nc3 $17)
17... Nb6 18. Qc3 {Niklasch,O-Mertens,M/Luxembourg/2000/} Ne8 $17) 14. Qc2 (14.
Nxb5 $6 Qb8 15. Na3 (15. Qd3 Nxe4 $1 16. Qxe4 (16. Rxe4 f5 $17) 16... Bxb5 $36
{[%csl Gd6,Ge5,Gf5][%cal Rf7f5] [+],/\f5}) 15... Qxb4 $15 (15... Nc3 16. Qd3
Ncxd5 17. exd5 e4 18. Qc4 $13)) 14... Qb8 15. Bg5 Nxc3 16. Qxc3 Rc8 17. Nd2 c6
$11 {/=/+ Black has elegantly solved the typical problems with the Pb5 and has
active play in the [+]. He has a comfortable position and can already claim a
slight edge.} 18. dxc6 (18. Qf3 Bg4 19. Qd3 cxd5 20. Bxf6 Bxf6 21. Qxd5 Rc2 $15
) 18... Bxc6 19. Qf3 Nd7 20. Nb3 (20. Qd3 $11 {was more circumspect.}) 20...
Nf8 (20... f5 21. Qe2 $5 {/\} (21. Na5 Bxe4 22. Qe2 Nc5 23. Qxb5 Qxb5 24. Bxb5
Nd3 25. Bxd3 Bxd3 $17) 21... fxe4 22. Na5 $132) (20... f6 $5 21. Bd2 f5 $36)
21. Na5 {While here the N limits Black's << play, it's offside at the same
time.} Bd7 22. Qd3 Ne6 23. Be3 Nd4 24. Rec1 Qb6 (24... Ra7 25. Rxc8+ Qxc8 26.
Rc1 Rc7 27. Rxc7 Qxc7 28. Nb3 $11) 25. Bg2 (25. Rxc8+ Rxc8 26. Nb3 h5 27. Rd1
Rc4 $13) 25... h5 26. h3 Kh7 27. Kh2 Be6 28. Qd2 Qd8 29. f4 (29. Qd3 $142 $13)
29... Qd7 $6 ({Black misses a good tactical opportunity} 29... Nc2 $1 30. f5 (
30. Rxc2 Rxc2 31. Qxc2 exf4 32. e5 fxe3 33. Bxa8 Qxa8 34. Qc6 Qxc6 35. Nxc6 Bd7
$36) 30... Nxe3 31. Qxe3 gxf5 32. exf5 Bxf5 33. Rf1 Bg6 $40) (29... Rc2 $5) 30.
Qf2 (30. f5 gxf5 31. Bxd4 (31. exf5 $2 Nxf5 32. Bxa8 Rxa8 $17 {[%csl Gd6,Ge5,
Gf7,Rg3,Rh2,Rh3] [+],׻}) 31... exd4 32. exf5 Bxf5 33. Bxa8 Rxa8 $44) (30. Qd3
$142) 30... Rab8 {This allows White to take the exchange in a more
advantageous way.} (30... Nc2 $2 31. f5 Nxa1 32. fxe6 $16) (30... Rc2 31. Rxc2
Nxc2 32. f5 Nxa1 33. fxe6 Qxe6 34. Qb2 Rc8 $13) ({The simplest solution was} 
30... Rxc1 $142 31. Rxc1 Rc8 $15) 31. f5 gxf5 32. Bxd4 exd4 33. exf5 Bxf5 $8 (
33... Bc4 34. f6 $40) 34. Nc6 Bg6 $5 (34... Rb6 35. Nxd4 $16 {[%csl Rb5,Rd6,
Rf7,Rh5] ק,>> gives White a clear positional advantage, so Black invests
material.}) (34... d3 $143 {has similar ideas, but Black has to reckon with}
35. Nxb8 Rxb8 36. Rc7 $1 Qxc7 37. Qxf5+ Kg8 38. Rf1 $40) 35. Nxb8 Rxb8 36. Rf1
$2 {White won't be able to create any threats on the >>, so leaving the <->c
looks wrong.} (36. Bc6 Qe6 37. a4 $13) 36... Rc8 {[%cal Gc8c1]} 37. Rac1 Rc3
$36 38. Bd5 f5 {Black could have done without this move for the time being:} (
38... Be5 $142 $5 39. Rxc3 dxc3 $15 {/\} 40. Bxf7 $2 Qxf7 41. Qxf7+ Bxf7 42.
Rxf7+ Kg6 43. Rc7 (43. Rf2 d5 $19) 43... Kf5 $19) 39. Rxc3 {White can hardly
avoid this exchange with Be5 coming.} dxc3 40. h4 Be5 41. Kg2 $6 {White
completely loses thread and Black manages to improve his pieces and get his
pawns going} (41. Qe3 $142 $13) 41... Qg7 42. Kh1 Bd4 43. Qg2 (43. Qf3 $5 Qe5
44. Kg2 $15) 43... Qe5 44. Bb3 Be3 $1 {[%cal Rf5f4] /\f4} (44... f4 45. Bc2 (
45. gxf4 Qe7 $17) 45... fxg3 46. Qb7+ Kh6 (46... Qg7 47. Bxg6+ (47. Rf7 $2 Bxc2
48. Rxg7+ Bxg7 $19) 47... Kxg6 48. Qxb5 $132) 47. Bxg6 Kxg6 48. Qf7+ Kh6 49.
Qf8+ $11) 45. Bc2 d5 $17 46. Kh2 Kh6 $5 {Black can patiently improve his
position.} 47. Kh3 (47. Rf3 d4 48. Qf1 f4 $1 49. Bxg6 Kxg6 50. gxf4 Qe4 $19 {
[%cal Rc3c2,Rd4d3] /\c2,d3}) (47. Qf3 $142 $1 $17 {/\} d4 $6 48. Qc6 $132)
47... Qd4 $1 48. Kh2 (48. Qf3 Qg4+ $1 49. Kh2 f4 50. gxf4 Qxf3 51. Rxf3 Bxc2
52. Rxe3 d4 $19) 48... Qg4 {[%cal Rf5f4] /\f4} 49. Qxd5 (49. Bd1 Qxb4 50. Qxd5
Qb2+ 51. Qg2 f4 $1 52. gxf4 Be4 $19) 49... Qe2+ 50. Qg2 Qxg2+ 51. Kxg2 f4 $1
52. Bb3 $8 (52. Bxg6 Kxg6 53. gxf4 c2 $19) 52... Be4+ 53. Kh2 f3 $19 {[%csl
Gc3,Ge3,Ge4,Gf3] o^c,f Supported by the powerful ^^, Black's P are unstoppable
and will cost White a whole R.} 54. Bd1 (54. a4 bxa4 55. Bxa4 f2 56. g4 hxg4
57. Kg3 Bd3 (57... c2 $2 58. Bxc2 Bxc2 59. Kxg4 Bd3 60. Kf3 $11) 58. Rxf2 (58.
Kg2 c2 $19) 58... Bxf2+ 59. Kxf2 c2 60. Bxc2 Bxc2 $19) 54... f2 {[%cal Rc3c2] /
\c2} 55. Be2 c2 56. Bxb5 c1=Q 57. Rxc1 Bxc1 58. g4 hxg4 59. Kg3 Bf3 (59... Ba3
60. Kxg4 Bg2 $19) 60. Kxf2 Ba3 0-1